ARRUPE JESUIT UNIVERSITY

CORONAVIRUS -STOP THE SPREAD - CLEAN,DISINFECT,COVER

The Viking dig : (Record no. 128881)

MARC details
000 -LEADER
fixed length control field 01033cam a2200301 a 4500
001 - CONTROL NUMBER
control field 2845521
003 - CONTROL NUMBER IDENTIFIER
control field ARRUPE
005 - DATE AND TIME OF LATEST TRANSACTION
control field 20190131121509.0
008 - FIXED-LENGTH DATA ELEMENTS--GENERAL INFORMATION
fixed length control field 841221s1984 enkaf 001 0 eng
010 ## - LIBRARY OF CONGRESS CONTROL NUMBER
LC control number 84116517
020 ## - INTERNATIONAL STANDARD BOOK NUMBER
International Standard Book Number 0370308026
020 ## - INTERNATIONAL STANDARD BOOK NUMBER
International Standard Book Number 0370308212 (pbk.)
040 ## - CATALOGING SOURCE
Original cataloging agency DLC
Transcribing agency DLC
Modifying agency DLC
043 ## - GEOGRAPHIC AREA CODE
Geographic area code e-uk-en
050 00 - LIBRARY OF CONGRESS CALL NUMBER
Classification number SPC. DA690.Y6
Item number H18 1984
082 00 - DEWEY DECIMAL CLASSIFICATION NUMBER
Classification number 936.2/843
Edition number 19
300 ## - PHYSICAL DESCRIPTION
Other physical details ill. (some col.) ;
Dimensions 26 cm.
100 1# - MAIN ENTRY--PERSONAL NAME
Personal name Hall, R. A.
Fuller form of name (Richard Andrew),
Dates associated with a name 1949-2011.
9 (RLIN) 44326
245 14 - TITLE STATEMENT
Title The Viking dig :
Remainder of title the excavations at York /
Statement of responsibility, etc Richard Hall.
260 ## - PUBLICATION, DISTRIBUTION, ETC. (IMPRINT)
Place of publication, distribution, etc London :
Name of publisher, distributor, etc Bodley Head,
Date of publication, distribution, etc 1984.
300 ## - PHYSICAL DESCRIPTION
Extent 158 p., [12] p. of plates :
500 ## - GENERAL NOTE
General note Includes index.
650 #0 - SUBJECT ADDED ENTRY--TOPICAL TERM
Topical term or geographic name as entry element Excavations (Archaeology)
Geographic subdivision England
-- York.
9 (RLIN) 44327
650 #0 - SUBJECT ADDED ENTRY--TOPICAL TERM
Topical term or geographic name as entry element Archaeology, Medieval
Geographic subdivision England
-- York.
9 (RLIN) 44328
650 #0 - SUBJECT ADDED ENTRY--TOPICAL TERM
Topical term or geographic name as entry element Vikings
Geographic subdivision England
-- York.
9 (RLIN) 44329
651 #0 - SUBJECT ADDED ENTRY--GEOGRAPHIC NAME
Geographic name York (England)
General subdivision Antiquities.
9 (RLIN) 44330
651 #0 - SUBJECT ADDED ENTRY--GEOGRAPHIC NAME
Geographic name England
General subdivision Civilization
-- Scandinavian influences.
9 (RLIN) 44331
906 ## - LOCAL DATA ELEMENT F, LDF (RLIN)
a 7
b cbc
c orignew
d 3
e ncip
f 19
g y-gencatlg
942 ## - ADDED ENTRY ELEMENTS (KOHA)
Source of classification or shelving scheme Library of Congress Classification
Koha item type SPC
Holdings
Withdrawn status Lost status Source of classification or shelving scheme Damaged status Not for loan Collection code Home library Current library Shelving location Date acquired Total Checkouts Full call number Barcode Date last seen Price effective from Koha item type
    Library of Congress Classification     SPECIAL Collection ARRUPE LIBRARY ARRUPE LIBRARY REFERENCE 31/01/2019   SPC. DA690.Y6 H18 1984 46600003558 31/01/2019 31/01/2019 SPC

 

Arrupe Library. PO Box MP320 Mt Pleasant, Harare, Zimbabwe
263 242 745411|librarian@aju.ac.zw